00983nam a2200241 i 450000100060000000300090000600500170001500700030003200800410003510000310007624501930010726000530030030000340035370000280038770000260041570000290044170000280047070000320049870000400053085200320057099900170060295201220061957747ES-MaACL20250810185110.0t|031017s1971 sp ||||1| spa d1 aDreifus, Leonard S.94559610aArritmias cardiacas / cdirectores, William Likoff ; director asociado, John H. Moyer ; prólogo C. Gausí Gené y J. Soler Soler ; [versión M. Román Castillo y A. Bayés de Luna]. aBarcelona : bEd. Científico-Médica, c1971. aXX, 856 p. : bil. ; c25 cm.1 aLikoff, William.9722811 aMoyer, John H.9839901 aGausi Gené, C.92035911 aSoler Soler, J.91071941 aRomán Castillo, M.9992221 aBayés de Luna, A., d1936-926662 aES-MaACLjC-37347 bR.77084 c57747d57747 00104070aATENEOMbATENEOMcDEPO2d2008-01-17eSCl0oC-37347p1060616r2023-02-23 00:00:00w2023-02-23yMONOGRAFIA